LEADER 00973nam0-2200337---450- 001 990008659290403321 005 20081106102536.0 010 $a88-05-03783-4 035 $a000865929 035 $aFED01000865929 035 $a(Aleph)000865929FED01 035 $a000865929 100 $a20080514d1985----km-y0itay50------ba 101 0 $aita 102 $aIT 105 $ay-------001yy 200 1 $aSistemi di orientamento in Europa$eprincipi teorici e realizzazioni$f[a cura di] Antonio Augenti, Klement Polacek 210 $aTorino$cSEI$d1985 215 $a272 p.$d22 cm 225 1 $aCollana i rubini$v37 610 0 $aOrientamento scolastico 676 $a371.42$v21$zita 702 1$aAugenti,$bAntonio 702 1$aPolácek, Klement 801 0$aIT$bUNINA$gRICA$2UNIMARC 901 $aBK 912 $a990008659290403321 952 $aP.1 DID 4$bBibl. 12219$fFLFBC 959 $aFLFBC 996 $aSistemi di orientamento in Europa$9715884 997 $aUNINA LEADER 01133nam a2200277 i 4500 001 991001537199707536 008 120111s1995 it aaa 001 0 ita d 020 $a8820724545 035 $ab14030214-39ule_inst 040 $aDip.to SSC$bita 082 0 $a747.797 100 1 $aBassanini, Gisella$011153 245 10$aArchitetture del quotidiano :$bLa stanza delle sculture radiose: La casa del qui e ora /$cGisella Bassanini, Giovanna Brancato ... [et al.] ; a cura di Gisella Bassanini ; presentazione di Ida Faré 260 $aNapoli :$bLiguori,$c1995 300 $aix, 252 p. :$b20 ill. f.t. ;$c22 cm 440 0$aStrumenti 650 4$aAbitazioni 650 4$aCucine$xArredamento$xStoria 700 1 $aBrancato, Giovanna$eauthor$4http://id.loc.gov/vocabulary/relators/aut$0731883 700 1 $aFaré, Ida 907 $a.b14030214$b02-04-14$c11-01-12 912 $a991001537199707536 945 $aLE021 SOC26F9$g1$i2021000167416$lle021$o-$pE23.52$q-$rl$s- $t0$u0$v0$w0$x0$y.i15364306$z11-01-12 996 $aArchitetture del quotidiano$91441984 997 $aUNISALENTO 998 $ale021$b11-01-12$cm$da $e-$fita$git $h0$i0 LEADER 03185nam 2200433 450 001 9910826396503321 005 20230817185716.0 010 $a3-7329-9387-6 035 $a(CKB)4940000000158297 035 $a(MiAaPQ)EBC5999991 035 $a5f283a30-bca8-445b-a442-7b8ab0dd2d03 035 $a(EXLCZ)994940000000158297 100 $a20200206d2019 uy 0 101 0 $aeng 135 $aurcnu|||||||| 181 $ctxt$2rdacontent 182 $cc$2rdamedia 183 $acr$2rdacarrier 200 10$aAgency in transnational social protection $epractices of migrant families between Bulgaria and Germany /$fJana Fingarova 210 1$aBerlin, Germany :$cFrank & Timme,$d[2019] 210 4$d©2019 215 $a1 online resource (317 pages) $cillustrations 225 1 $aForum: Bulgarien ;$vBand 7 300 $aPublicationDate: 20191218 311 $a3-7329-0607-8 330 $aLong description: Agency in Transnational Social Protection: Practices of Migrant Families Between Bulgaria and Germany offers a unique and innovative research strategy, analysing social protection arrangements of Bulgarian movers and their families who arrived in Germany in the context of EU enlargements. Critically approaching social tourism debates in the context of EU enlargements this work significantly contributes to a highly undertheorized field of Bulgarian migration in Germany, more specifically in its aspect of social protection within the framework of EU social security coordination. Going beyond the state of art on migration and social protection, Jana Fingarova applies a micro-sociological interpretative approach to develop a typology of migrant agency articulations of subordination, empowerment, and gradually learned assertiveness. Allowing for a temporal-processual perspective on agency, the work overcomes the duality of active vs. passive agents, exposing a more complex picture?apart from social or educational status, family and individual mobility projects play crucial role in the social protection arrangements of EU movers. 330 $aBiographical note: Jana Fingarova?Having a background in language teaching and applied psychology, she defended her second master thesis in the area of migration studies at the University of Education Karlsruhe in 2012, winning the 2011 DAAD-Prize for outstanding achievements and social engagement. In 2015, she pursued a scientific career in the project TRANSWEL ?Mobile Welfare in a Transnational Europe: An Analysis of Portability Regimes of Social Security Rights? at Goethe University Frankfurt, which she continued at Brandenburg Technical University (BTU) of Cottbus-Senftenberg. In 2019, she defended her PhD thesis at BTU Cottbus-Senftenberg in the highly complex field of intra-European migration and social protection. 410 0$aForum: Bulgarien ;$vBand 7. 606 $aMigrant labor 615 0$aMigrant labor. 676 $a305.563 700 $aFingarova$b Jana$01668818 801 0$bMiAaPQ 801 1$bMiAaPQ 801 2$bMiAaPQ 906 $aBOOK 912 $a9910826396503321 996 $aAgency in transnational social protection$94029672 997 $aUNINA LEADER 03565nam 22006855 450 001 9910254760803321 005 20230810190950.0 010 $a9783319508986 010 $a3319508989 024 7 $a10.1007/978-3-319-50898-6 035 $a(CKB)4100000000587688 035 $a(DE-He213)978-3-319-50898-6 035 $a(MiAaPQ)EBC5061465 035 $a(Perlego)3498153 035 $a(EXLCZ)994100000000587688 100 $a20170927d2017 u| 0 101 0 $aeng 135 $aurnn|008mamaa 181 $ctxt$2rdacontent 182 $cc$2rdamedia 183 $acr$2rdacarrier 200 10$aBiography of an Industrial Town $eTerni, Italy, 1831-2014 /$fby Alessandro Portelli 205 $a1st ed. 2017. 210 1$aCham :$cSpringer International Publishing :$cImprint: Palgrave Macmillan,$d2017. 215 $a1 online resource (XXII, 400 p.) 225 1 $aPalgrave Studies in Oral History,$x2731-5681 300 $aIncludes indexes. 311 08$a9783319508979 311 08$a3319508970 327 $aPart I -- 1. Introduction: Speaking, Writing and Remembering -- 2. The Red and the Black: Rebels, Patriots and Outlaws -- 3. How Green Was My Valley: Feudal Landlords and Struggling Peasants -- 4. How Steel Was Forged: The Making of a Working Class -- 5. Rebels: Socialists, Anarchists and the Subversive Tradition -- 6. The Iron Heel, or, We Didn't Have Any Trouble: The Coming of Fascism -- 7. Let Us Now Praise Famous Men: Surviving and Resisting Fascism -- 8. Apocalypse Now: War, Hunger and Mass Destruction -- 9. Red Is the Color: The Gramsci Brigade -- 10. The Best of Times, The Worst of Times: Economic Boom and Industrial Crisis -- 11. Staying Alive: The Rise of Alternative Cultures -- Part II: Specialty Steel -- 12. David and Goliath: The Town, the Factory and the Strike -- 13. The Workers and the World: Terni Steel in the Age of Globalization -- 14. The Empire Strikes Back: The Town, the Factory and the Strike: Reprise -- 15. A Tale of Two Cities: Death, Survival and Powerlessness in the Neo-Liberal Age -- 16. Epilogue: Working-Class Sublime. 330 $aA pioneering work in oral history, this book tells the story of the rise and fall of the industrial revolution and the apogee and crisis of the labor movement through an oral history of Terni, a steel town in Central Italy and the seat of the first large industrial enterprise in Italy. This story is told through a combination of stories, songs, myths and memories from over 200 voices of five generations, woven with a wealth of archival material. . 410 0$aPalgrave Studies in Oral History,$x2731-5681 606 $aOral history 606 $aItaly$xHistory 606 $aLabor 606 $aHistory 606 $aCivilization$xHistory 606 $aEurope$xPolitics and government 606 $aOral History 606 $aHistory of Italy 606 $aLabor History 606 $aCultural History 606 $aEuropean Politics 615 0$aOral history. 615 0$aItaly$xHistory. 615 0$aLabor. 615 0$aHistory. 615 0$aCivilization$xHistory. 615 0$aEurope$xPolitics and government. 615 14$aOral History. 615 24$aHistory of Italy. 615 24$aLabor History. 615 24$aCultural History. 615 24$aEuropean Politics. 676 $a907.2 700 $aPortelli$b Alessandro$4aut$4http://id.loc.gov/vocabulary/relators/aut$0144446 906 $aBOOK 912 $a9910254760803321 996 $aBiography of an Industrial Town$92072121 997 $aUNINA